|
|
|
|
| LEADER |
00000nam a2200000 a 4500 |
| 001 |
vtls001380624 |
| 003 |
SK-MaSNL |
| 005 |
20260301161354.0 |
| 008 |
240313s1999 xo a r slo |
| 015 |
|
|
|a SNBA2000/05-01697
|
| 020 |
|
|
|a 807145401X
|
| 035 |
|
|
|a SNK000334620
|
| 035 |
|
|
|a urn:nbn:sk:snk-amyhju
|
| 035 |
|
|
|a urn:nbn:sk:snk-am00cjwa
|
| 035 |
|
|
|a 9948330A-AB14-4C41-9AA2-0C7AA6D4AF2B
|
| 040 |
|
|
|a SNK
|b slo
|c SNK
|e AACR2
|
| 041 |
0 |
|
|a slo
|
| 044 |
|
|
|a xo
|c SK
|
| 080 |
|
|
|a 639.2(035)
|2 1981
|
| 100 |
1 |
|
|a Bailey, John,
|d 1951-
|4 aut
|9 524294
|
| 240 |
1 |
0 |
|a Freshwater fishing
|l Slovensky
|
| 245 |
1 |
|
|a Sladkovodné rybárstvo
|c John Bailey ; [z anglického originálu preložil Milan Kozánek]
|
| 260 |
|
|
|a Bratislava
|b Slovart
|c 1999
|
| 300 |
|
|
|a 192 s.
|b fareb. fotogr.
|c 29 cm
|
| 500 |
|
|
|a Rozlož. fotogr. na tit. strane
|
| 500 |
|
|
|a Údaj o prekl. prevzatý z rubu tit. strany
|
| 504 |
|
|
|a Reg.
|
| 650 |
0 |
7 |
|a rybárstvo sladkovodné
|x príručky
|2 SNK
|9 524295
|
| 655 |
|
7 |
|a príručky
|2 SNK
|9 74364
|
| 700 |
1 |
|
|a Kozánek, Milan,
|d 1953-
|4 trl
|9 37736
|
| 919 |
|
|
|a 80-7145-401-X
|
| 958 |
|
|
|a TL
|
| 958 |
|
|
|a OP
|
| 958 |
|
|
|a NS
|
| 958 |
|
|
|a GB
|
| 968 |
|
|
|b ENG
|
| 999 |
|
|
|c 809169
|d 811099
|
| 952 |
|
|
|t P60, <03>, [BOOK], {603}
|a SNK
|b SNK
|y PREZ
|7 0
|p 17A0224368
|o snkSB 61273
|i snkKSP 479/2000
|0 0
|1 0
|4 0
|d 2000-01-13
|f 1
|l 0
|r 2025-04-15 00:00:00
|w 2026-02-24
|
| 952 |
|
|
|t P60, <04>, [BOOK], {604}
|a SNK
|b SNK
|y VYP
|7 0
|p 17A0224369
|o snkSB 61273 D1
|i snkKSP 480/2000
|0 0
|1 0
|4 0
|d 2000-01-13
|l 0
|r 2005-01-02 00:00:00
|w 2026-02-24
|